Reflexión sobre la universidad pública costarricense del siglo XXI
Desde los inicios de la vida independiente de este país, quienes lo gobernaron asumieron la educación como el instrumento básico en la consolidación del Estado-Nación. De ese modo. La historia muestra el nacimiento de liceos, escuelas de niñas, casas de estudios superiores, así como de un legislació...
Uloženo v:
| Korporativní autor: | |
|---|---|
| Médium: | Text |
| Jazyk: | Spanish |
| Vydáno: |
San José:
Sección de impresión del SIEDIN
|
| Témata: | |
| Tagy: |
Přidat tag
Žádné tagy, Buďte první, kdo vytvoří štítek k tomuto záznamu!
|
MARC
| LEADER | 00000 a a2200000 04500 | ||
|---|---|---|---|
| 001 | 35200 | ||
| 003 | cru CIDCACS/IIS | ||
| 005 | 20161024100730.0 | ||
| 008 | 161024b xxu||||| |||| 00| 0 spa d | ||
| 020 | |a 9977-15-103-2 | ||
| 040 | |c CIDCACS/IIS | ||
| 090 | |a 06.04.05 C9r | ||
| 110 | |a Universidad de Costa Rica. Consejo Universitario | ||
| 245 | |a Reflexión sobre la universidad pública costarricense del siglo XXI | ||
| 260 | |a San José: |b Sección de impresión del SIEDIN | ||
| 300 | |a 82 p. | ||
| 520 | |a Desde los inicios de la vida independiente de este país, quienes lo gobernaron asumieron la educación como el instrumento básico en la consolidación del Estado-Nación. De ese modo. La historia muestra el nacimiento de liceos, escuelas de niñas, casas de estudios superiores, así como de un legislación que determina los fines y características de estos centros. Este documento contiene las ideas de personas del mundo académico nacional que reflexionaron acerca de los retos de la universidad pública en el presente. Independientemente de que estas ideas se compartan o no, ellas permiten revisar el pensamiento propio y el del grupo de colegas de la unidad académica e iniciar así las construcción colectiva de un ideario sobre la universidad que se quiere y que el país necesita | ||
| 650 | |a UNIVERSIDADES | ||
| 650 | |a SOCIEDAD | ||
| 650 | |a DEMOCRACIA | ||
| 650 | |a COSTA RICA | ||
| 942 | |2 ddc |c LI | ||
| 999 | |c 12222 |d 12222 | ||



